000 01009nam0a22002531 4500
001 RU\NLR\A1SV\22310
005 20251203171251.9
035 _a(NLR Aleph) 009707244
090 _a9816587
_c9816587
100 _a20101030d1923 u y0rusy50 ca
101 0 _arus
102 _aRU
200 1 _aСборник воспоминаний из жизни 16-й стр. "Имени Киквидзе" дивизии, посвященный годовщине рабоче-крестьянской Красной армии
_e1918-1923
_fШтаб 16 стрелк. им. Киквидзе дивизии
210 _aДетское село
_d1923
215 _a32 с.
_d30 см
300 _aИсточник: История советского общества в воспоминаниях современников. 1917-1957. М., 1958. № 459
620 _dПушкин
801 0 _aRU
_bNLR
_c20101030
899 _aРГБ
899 _aРГБ
942 _cBOOK
980 _aNB
980 _aA1SV